000 01669nam a2200349 4500
001 0000023983
003 CO-CtgCURN
005 20260318000647.0
007 ta
008 160627s2014 000 0 eng d
020 _a9789587670950
040 _aCO-CtgCURN
_bspa
_ccoctgcurn
082 0 _a345.861
_bC718p
110 2 _aColombia.
245 1 0 _aCódigo penal :
_bley 599 de 2000.
250 _a12a ed.
256 _aCódigos de procedimiento penal: ley 906 de 2004. Ley 600 de 2000.
260 _aBogotá :
_bLegis,
_c2014.
300 _a731 p.
336 _2rdacontent
337 _2rdamedia
_asin mediacion
_bn
338 _2rdacarrier
_avolumen
_bnc
490 1 _aCódigos basicos
500 _aIncluye suplemento e indices.
505 8 _aParte general: de las normas rectoras de la ley penal colombiana -- Parte especial: de los delitos en particular -- Principios rectores y garantias procesales: disposiciones generales -- Tecnicas de indagacion e Investigación de la prueba y sistema probatorio -- El juicio: de la acusacion -- Ejecucion de sentencias: ejecucion de penas y medidas de seguridad -- Cooperacion internacional -- Justicia restaurativa -- Regimen de implementacion -- Normas rectoras: disposiciones generales -- Investigación -- Juicio: juzgamiento -- Ejecucion de sentencias: ejecucion de penas y medidas de seguridad -- Relaciones con autoridades extranjeras y disposiciones finales
630 0 0 _aLey 599 de 2000.
630 0 0 _aLey 906 de 2004.
630 0 0 _aLey 600 de 2000.
908 _a160627
942 _cBK
_h345.861
_iC718p
_2ddc
999 _c19487
_d19487